000 00878nam a2200265Ia 4500
003 OSt
005 20221005113207.0
006 a|||||r|||| 00| 0
007 ta
008 221004b |||||||| |||| 00| 0 pan d
020 _c81
024 _a117532
037 _b606, 17/02/2012, H.K. Prakashan
_cTextual
040 _aCRL
_cCRL
_bpan
041 _2pan
_apan
082 _aV236, 153P2
100 _aਕਰਮ ਸਿੰਘ
245 0 _aਮੱਧ ਕਾਲੀਨ ਪੰਜਾਬ ਦੀ ਧਰਮ ਚੇਤਨਾ
260 _aਪੰਜਾਬ
_bਭਾਾ ਵਿਭਾਗ ਭਾਰਤ
_c2002
300 _a338ਪੰ
_ccm.
650 _a ਪੰਜਾਬ-ਇਤਿਹਾਸ
650 _aਭਾਰਤੀਯ ਇਤਿਹਾਸ
942 _hV236, 153P2
_cTEXL
_2cc
999 _c1027353
_d1027353